Oscillation theory.

Bibliographic Details
Main Author: Kreith, Kurt
Format: Book
Language:English
Published: Berlin, New York : Springer Verlag, 1973.
Series:Lecture notes in mathematics (Springer-Verlag) ; 324.
Subjects:

MARC

Tag First Indicator Second Indicator Subfields
LEADER 00000cam a2200000 4500
001 in00000099782
005 20150924160451.0
008 730622s1973 wb b 00000 eng
010 |a  73079366  
015 |a GDB*** 
020 |a 0387062580 (New York)  |c DM16.00 
035 |a (OCoLC)00667330 
035 |9 AAL0404AM 
040 |a DLC  |c DLC  |d TXA  |d UtOrBLW 
049 |a TXAM  |c [1130539] 
050 0 0 |a QA3  |b .L28 no. 324 
082 0 |a 510/.8 s  |a 515/.353 
100 1 |a Kreith, Kurt. 
245 1 0 |a Oscillation theory. 
264 1 |a Berlin,  |a New York :  |b Springer Verlag,  |c 1973. 
300 |a vi, 109 pages ;  |c 26 cm. 
336 |a text  |b txt  |2 rdacontent 
337 |a unmediated  |b n  |2 rdamedia 
338 |a volume  |b nc  |2 rdacarrier 
490 1 |a Lecture notes in mathematics, 324 
504 |a Bibliography: pages [102]-109. 
650 0 |a Differential equations, Partial. 
650 0 |a Oscillations. 
830 0 |a Lecture notes in mathematics (Springer-Verlag) ;  |v 324. 
999 |a MARS 
999 f f |s 5d849d82-cc07-3564-86ea-9ccc6f05ddad  |i 14980050-ec0c-3773-94d6-b0e20591fcaa  |t 0 
952 f f |p ric  |a Texas A&M University  |b Rellis Campus  |c Joint Library Facility  |d Remote Storage  |t 0  |e QA3 .L28 no. 324  |h Library of Congress classification  |i unmediated -- volume  |m A14804423710 
998 f f |a QA3 .L28 no. 324  |t 0  |l Remote Storage